Najwięksi producenci pomidorów - Statystyki

Ogólne statystyki
  • Ten quiz został rozwiązany 160 razy
  • Średni wynik to 11 z 15
Statystyki odpowiedzi
Lp. Ilość (tony) Państwo % Poprawnych
5 10,9 mln Stany Zjednoczone
96%
1 59,5 mln Chiny
95%
9 5,2 mln Hiszpania
95%
8 6 mln Włochy
88%
11 4,2 mln Brazylia
86%
2 20,7 mln Indie
85%
13 3,2 mln Rosja
85%
10 4,2 mln Meksyk
82%
4 12,8 mln Turcja
78%
15 2,3 mln Ukraina
63%
7 6,2 mln Iran
60%
6 7,3 mln Egipt
59%
3 16,6 mln Pakistan
53%
12 4,1 mln Nigeria
35%
14 2,5 mln Uzbekistan
12%
Nie znaleziono quizów pasujących do podanych kryteriów
Rozkład punktacji
Procent ludzi z każdym wynikiem
Percentyl według liczby udzielonych odpowiedzi
Twoja historia wyników
Nie rozwiązałeś tego quizu